00715 2200277 4500001002100000005001700021008004100038020001800079035002400097082001100121090001800132100002100150245006400171250001000235260003500245300002500280650001900305700002000324700001400344850001500358980001300373985000600386999001500392999001500407999001500422YOGYA-0209000004013220090227025625.0 ind  a979-3927-17-8 0010-020900000040132 a338.04 a338.04bSuh C aSUHARNO, Bambang aCurhat bisnisbLangkah jitu menangani masalah berwiraswasta aCet.2 aJakartabPenebar Swadayac2007 a124 hlmbilusc18 cm aKiwiraswastaan aArmando, Rokhim aSugito, J aYOPDYOG(B) a18-11-07 a3 a07B0029731 a07B0029732 a07B0029733